[Event "GER-ch Net Amateur Gr-A Vor3"]
[Site "Playchess.com INT"]
[Date "2020.04.16"]
[Round "2"]
[White "Tschernatsch, Johannes"]
[Black "Zielinski Backens, Werner"]
[Result "1-0"]
[WhiteElo "1815"]
[BlackElo "1564"]
[PlyCount "101"]
[EventDate "2020.04.16"]
[EventType "swiss (blitz)"]
[EventRounds "9"]
[EventCountry "GER"]
[SourceTitle "CBM 195 Extra"]
[Source "ChessBase"]
[SourceDate "2020.05.31"]
[SourceVersion "1"]
[SourceVersionDate "2020.05.31"]
[SourceQuality "1"]

1. e4 c5 2. Nf3 g6 3. d4 cxd4 4. Nxd4 Bg7 5. c4 Nc6 6. Be3 Nf6 7. Nc3 Ng4 8. Qxg4 Nxd4 9. Qd1 e5 10. Bd3 d6 11. 0-0 Be6 12. Rc1 0-0 13. b3 a6 14. Bb1 Rc8 15. Ne2 Nxe2+ 16. Qxe2 f5 17. f3 f4 18. Bf2 g5 19. Rfd1 Qe7 20. Rc2 Rc6 21. Rcd2 h5 22. Rd3 Rf6 23. Qd2 Bf8 24. a3 Rg6 25. Kh1 g4 26. Bg1 Qf6 27. Ba2 gxf3 28. Rxf3 Bg4 29. Rdf1 Bxf3 30. Rxf3 Rc7 31. b4 Rcg7 32. c5+ Kh8 33. cxd6 Qxd6 34. Bd5 b5 35. Bc5 Qf6 36. Rh3 Bxc5 37. Rxh5+ Rh6 38. Rxh6+ Qxh6 39. bxc5 Rh7 40. h3 Qh4 41. c6 Rg7 42. Be6 Qg3 43. Bg4 Rh7 44. c7 Qxg4 45. Qd8+ Kg7 46. c8Q Qxc8 47. Qxc8 Rh6 48. Qd7+ Kg6 49. Qe6+ Kh5 50. Qxe5+ Kh4 51. Qxf4+ 1-0